Unspeakable Truths (Record no. 13582)
[ view plain ]
| 000 -LEADER | |
|---|---|
| fixed length control field | 00629nam a2200241 a 4500 |
| 020 ## - INTERNATIONAL STANDARD BOOK NUMBER | |
| ISBN | 0415774 |
| 082 00 - DEWEY DECIMAL CLASSIFICATION NUMBER | |
| Classification number | 323 |
| Author Cutter | HAY |
| 100 ## - MAIN ENTRY--AUTHOR NAME | |
| Author name | Hayner, Priscilla B |
| 245 ## - TITLE STATEMENT | |
| Title | Unspeakable Truths |
| Sub title | Confronting State Terror and Atrocity |
| 260 ## - PUBLICATION, DISTRIBUTION, ETC. (IMPRINT) | |
| Place of publication | London |
| Name of publisher | Routledge Chapman Hall |
| Year of publication | 2001 |
| 300 ## - PHYSICAL DESCRIPTION | |
| Number of Pages | 340p |
| 500 ## - GENERAL NOTE | |
| General note | includes index and biblioraphy |
| 505 2# - FORMATTED CONTENTS NOTE | |
| Formatted contents note | Index |
| 650 ## - SUBJECT ADDED ENTRY--TOPICAL TERM | |
| Topical Term | Human Rights |
| 942 ## - ADDED ENTRY ELEMENTS (KOHA) | |
| Koha item type | Books |
| 700 1# - | |
| -- | Hayner, Priscilla B |
| Collection code | Home library | Current library | Date acquired | Cost, normal purchase price | Full call number | Accession Number | Koha item type |
|---|---|---|---|---|---|---|---|
| Henry Martyn Institute Library | Henry Martyn Institute Library | 11/17/2009 | 1617.00 | 323 HAY | 020407 | Books |
